40 personnages de mangas en image - Statistiques

Statistiques générales
  • Ce quiz a été pris 200 fois
  • Le résultat moyen est 16 sur 40
Statistiques - réponses
Par images Réponse % Correct
Jiraya
88%
All Might
87%
Guts
82%
Gojo
81%
Chichi
79%
Livai
79%
Conan
77%
Erza
74%
Leolio
74%
Ippo
72%
Nezuko
72%
Hinata
68%
Kaneki
68%
Astro
62%
Frieren
58%
Thorfinn
57%
Tsubasa
57%
Dio
52%
Sailor Moon
51%
Ranma
40%
Ishida
30%
Gintoki
28%
Mello
27%
Okarun
23%
Beelzebub
18%
Mitsuki
17%
Kenshiro
15%
Hawkeye
14%
Maka
14%
Legoshi
13%
Hiei
10%
Hiruma
10%
Billy Bat
9%
Arslan
7%
Gally
6%
Kaori
5%
Gesicht
4%
Pop
4%
Shunrei
1%
Gatchan
0%
Aucun quiz correspondant
Distribution des résultats
% des personnes avec chaque résultat
Percentile par nombre de réponses
Votre historique - résultats
Vous n’avez pas pris ce quiz